Regulación de la telefonía celular y derecho de defensa de la competencia (Registro nro. 33346)

Detalles MARC
000 -LEADER
fixed length control field 00371 a2200109 4500
001 - CONTROL NUMBER
control field ART_41868
005 - DATE AND TIME OF LATEST TRANSACTION
control field 20260410162023.0
008 - FIXED-LENGTH DATA ELEMENTS--GENERAL INFORMATION
fixed length control field 260409a
100 1# - MAIN ENTRY--PERSONAL NAME
Personal name Russell, Esteban
245 10 - TITLE STATEMENT
Title Regulación de la telefonía celular y derecho de defensa de la competencia
773 0# - HOST ITEM ENTRY
Title Jurisprudencia Argentina
Related parts Derecho administrativo (mayo 2006)
Record control number REV41622

No hay ítems disponibles.